书目信息 |
| 题名: |
WTO与中国财税管理干部读本
|
|
| 作者: | ;WTO与中国财税管理干部读本编委会 编 | |
| 分册: | ||
| 出版信息: | 北京 中国社会科学出版社 2002 |
|
| 页数: | 327页 | |
| 开本: | 21cm | |
| 丛书名: | WTO与中国经济管理干部读本丛书 | |
| 单 册: | ||
| 中图分类: | F812.2 | |
| 科图分类: | ||
| 主题词: | 财政管理体制 , 干部教育 | |
| 电子资源: | ||
| ISBN: | 7-5004-3399-9 | |
| 000 | 01238oam2 2200289 450 | |
| 001 | 012007245381 | |
| 005 | 20070605144201.48 | |
| 010 | @a7-5004-3399-9@dCNY23.00 | |
| 100 | @a20070602d2002 km y0chiy0120 ea | |
| 101 | 0 | @achi |
| 102 | @aCN@b110000 | |
| 105 | @ay z 000yy | |
| 106 | @ar | |
| 200 | 1 | @aWTO与中国财税管理干部读本@AWTO yu zhong guo cai shui guan li gan bu du ben@f《WTO与中国财税管理干部读本》编委会编@F《WTO yu zhong guo cai shui guan li gan bu du ben》bian wei hui bian |
| 210 | @a北京@c中国社会科学出版社@d2002 | |
| 215 | @a327页@d21cm | |
| 225 | 2 | @aWTO与中国经济管理干部读本丛书 |
| 330 | @a本书从我国财税管理体制的角度,分析了WTO对我国财税管理体制的全面影响,分别从我国现行财税管理体制的政策特点及发展取向,对我国财税管理的总体要求、实践中的规避及应对之策等几个方面进行了权威性、指导性的论述。 | |
| 461 | 0 | @12001 @aWTO与中国经济管理干部读本丛书 |
| 601 | 02 | @a世界贸易组织@x规则@x影响@x财政管理体制@x干部教育@y中国@j学习参考资料 |
| 601 | 02 | @a世界贸易组织 |
| 606 | 0 | @a财政管理体制 |
| 606 | 0 | @a干部教育 |
| 690 | @aF812.2@v4 | |
| 711 | 02 | @aWTO与中国财税管理干部读本编委会@AWTO yu zhong guo cai shui guan li gan bu du ben bian wei hui@4编 |
| 801 | 0 | @aCN@bRULIN@c20070605 |
| 905 | @dF812.2@e39@s8 | |
| WTO与中国财税管理干部读本/《WTO与中国财税管理干部读本》编委会编.-北京:中国社会科学出版社,2002 |
| 327页;21cm.-(WTO与中国经济管理干部读本丛书) |
| ISBN 7-5004-3399-9:CNY23.00 |
| 本书从我国财税管理体制的角度,分析了WTO对我国财税管理体制的全面影响,分别从我国现行财税管理体制的政策特点及发展取向,对我国财税管理的总体要求、实践中的规避及应对之策等几个方面进行了权威性、指导性的论述。 |
| ● |
| 相关链接 |
|
|
|
|
正题名:WTO与中国财税管理干部读本
索取号:F812.2/39
 
预约/预借
| 序号 | 登录号 | 条形码 | 馆藏地/架位号 | 状态 | 备注 |
| 1 | 0582570 | 205825703 | 第一样本阅览室/ [索取号:F812.2/39] | 在馆 | |
| 2 | 0582571 | 205825712 | 第一借阅区/ [索取号:F812.2/39] | 在馆 | |
| 3 | 0582572 | 205825721 | 第一借阅区/ [索取号:F812.2/39] | 在馆 | |
| 4 | 0582573 | 205825730 | 第一借阅区/ [索取号:F812.2/39] | 在馆 | |
| 5 | 0582574 | 205825749 | 第一借阅区/ [索取号:F812.2/39] | 在馆 | |
| 6 | 0582575 | 205825758 | 第一借阅区/ [索取号:F812.2/39] | 在馆 | |
| 7 | 0582576 | 205825767 | 密集书库/ [索取号:F812.2/39] | 在馆 | |
| 8 | 0582577 | 205825776 | 密集书库/ [索取号:F812.2/39] | 在馆 |